[Event "24th European Teams"]
[Site "Budva MNE"]
[Date "2023.11.12"]
[EventDate "2023.11.11"]
[Round "2.8"]
[Result "1/2-1/2"]
[White "Dimitrios Mastrovasilis"]
[Black "Max Warmerdam"]
[WhiteElo "2573"]
[BlackElo "2638"]
[PlyCount "34"]

1. e4 c5 2. Nf3 d6 3. Bb5+ Nd7 4. d4 cxd4 5. Qxd4 a6 6. Bxd7+ Bxd7 7. Nc3
e6 8. Be3 Bc6 9. O-O-O Nf6 10. e5 dxe5 11. Qxd8+ Rxd8 12. Rxd8+ Kxd8 13.
Nxe5 Be8 14. Nc4 Bc6 15. Ne5 Be8 16. Nc4 Bc6 17. Ne5 1/2-1/2

[Event "24th European Teams"]
[Site "Budva MNE"]
[Date "2023.11.12"]
[EventDate "2023.11.11"]
[Round "2.8"]
[Result "1/2-1/2"]
[White "Benjamin Bok"]
[Black "Kourkoulos-Arditis, Stamatis"]
[WhiteElo "2621"]
[BlackElo "2543"]
[PlyCount "106"]

1. Nf3 Nf6 2. g3 g6 3. Bg2 Bg7 4. c4 O-O 5. Nc3 d6 6. d4 c5 7. dxc5 dxc5 8.
Qxd8 Rxd8 9. Be3 Nc6 10. Bxc5 Nd7 11. Be3 Nb6 12. Nd2 Be6 13. Rc1 Nxc4 14.
Nxc4 Bxc4 15. Bxc6 bxc6 16. b3 Bd5 17. f3 Bxc3+ 18. Rxc3 a5 19. Kf2 a4 20.
bxa4 Rxa4 21. a3 Bc4 22. Bc5 e5 23. Be7 Rd5 24. Bf6 Bb5 25. Re3 e4 26. fxe4
Rd2 27. Ra1 Kf8 28. Ke1 Rd7 29. g4 h6 30. Ra2 Ke8 31. Rc2 Rd6 32. Bg7 h5
33. e5 Rd5 34. gxh5 gxh5 35. Rh3 Kd7 36. Bf6 Ke6 37. Rcc3 Re4 38. Rce3 Rxe3
39. Rxe3 Rd4 40. Rh3 Re4 41. e3 Ra4 42. Rxh5 Rxa3 43. Kf2 c5 44. Rh8 c4 45.
e4 c3 46. Rc8 Kd7 47. Rxc3 Rxc3 48. e6+ Kxe6 49. Bxc3 f6 50. Ke3 Be8 51. h4
Bg6 52. Kf4 Kf7 53. Bb2 1/2-1/2

[Event "24th European Teams"]
[Site "Budva MNE"]
[Date "2023.11.12"]
[EventDate "2023.11.11"]
[Round "2.9"]
[Result "1/2-1/2"]
[White "Daniele Vocaturo"]
[Black "Alexandr Predke"]
[WhiteElo "2632"]
[BlackElo "2661"]
[PlyCount "256"]

1. e4 c5 2. Nf3 Nc6 3. Bb5 e6 4. Bxc6 bxc6 5. d3 Qc7 6. e5 f6 7. Bf4 Ne7 8.
O-O fxe5 9. Bxe5 d6 10. Bg3 g6 11. d4 cxd4 12. Qxd4 e5 13. Qc4 Nd5 14. Nc3
Nb6 15. Qb3 Ba6 16. Rfe1 Bc4 17. Qa3 Be7 18. b3 Bd5 19. Nxd5 cxd5 20. c4
O-O 21. cxd5 Nxd5 22. Rac1 Qb7 23. Qa4 Nf4 24. Qc4+ d5 25. Qc7 Qxc7 26.
Rxc7 Bb4 27. Bxf4 Rxf4 28. Rd1 e4 29. Nd4 Ba5 30. Rg7+ Kh8 31. Rd7 Bb6 32.
Rxd5 Raf8 33. Ne6 Rxf2 34. Nxf8 Rxf8+ 35. Kh1 e3 36. Re5 Rf2 37. Re1 Kg7
38. h4 Rxa2 39. Re4 Rb2 40. b4 Rd2 41. Kh2 h5 42. Kh3 Rd3 43. g3 Rd2 44.
Rf1 Rf2 45. Rc1 Kf7 46. Rd1 Rd2 47. Re1 Rc2 48. Rf1+ Rf2 49. Rc1 Rf6 50.
Rc8 Re6 51. Rf8+ Kxf8 52. Rxe6 Kf7 53. Re4 Kf6 54. Kg2 Kf5 55. Kf3 Kf6 56.
Kf4 Bc7+ 57. Kf3 Bb6 58. Ke2 Kf5 59. Kf3 Kf6 60. Re8 Kf7 61. Re5 Kf6 62.
Re4 Kf5 63. Re8 Kf6 64. Rf8+ Ke7 65. Rf4 Ke6 66. Ke2 Ke5 67. Kd3 Ke6 68.
Rf3 Ke5 69. Rf1 Bd4 70. Rc1 Bb6 71. Rc6 Kf5 72. Ke2 Bd4 73. Kf3 Bb6 74. Rd6
Bc7 75. Rd5+ Kf6 76. Ke2 Bb6 77. Rd6+ Kg7 78. Kf3 Kf7 79. Rc6 Bd4 80. Rc2
Bb6 81. Ke4 Ke6 82. b5 Kf6 83. Rc6+ Kf7 84. Kd5 Ba5 85. Re6 Bb6 86. Re5 Kf6
87. Re4 Kf7 88. Kd6 Kf6 89. Rf4+ Kg7 90. Ke6 Ba5 91. Re4 Bb6 92. Ke5 Bc7+
93. Kd5 Bb6 94. Ke6 Bc5 95. g4 hxg4 96. Rxg4 Kh6 97. Kf7 Bb6 98. Rxg6+ Kh5
99. Rg8 Kxh4 100. Kf6 Ba5 101. Rg2 Kh3 102. Re2 Bb6 103. Kf5 Kg3 104. Ke4
Bc5 105. Ra2 Bb6 106. Rc2 Kg4 107. Rg2+ Kh5 108. Kf5 Kh6 109. Rg6+ Kh7 110.
Rg4 Kh6 111. Rg2 Bd4 112. Rg8 Bb6 113. Rg4 Kh5 114. Re4 Kh6 115. Re8 Kg7
116. Re4 Kf7 117. Re6 Bc5 118. Re4 Bb6 119. Re5 Kg7 120. Re7+ Kh6 121. Re6+
Kg7 122. Re7+ Kh6 123. Kf4 Kg6 124. Re6+ Kf7 125. Kf5 Kg7 126. Re7+ Kh6
127. Re6+ Kg7 128. Re7+ Kh6 1/2-1/2

[Event "24th European Teams"]
[Site "Budva MNE"]
[Date "2023.11.12"]
[EventDate "2023.11.11"]
[Round "2.9"]
[Result "1/2-1/2"]
[White "Aleksandar Indjic"]
[Black "Luca Jr Moroni"]
[WhiteElo "2601"]
[BlackElo "2575"]
[PlyCount "208"]

1. c4 e6 2. g3 d5 3. Bg2 Nf6 4. Nf3 dxc4 5. Qa4+ Bd7 6. Qxc4 c5 7. Ne5 Qc8
8. Qd3 Nc6 9. Nxd7 Nxd7 10. b3 Be7 11. Bb2 O-O 12. Nc3 Rd8 13. Rd1 Qc7 14.
O-O Rac8 15. Qb1 Bf6 16. f4 Nb6 17. f5 Qe7 18. fxe6 fxe6 19. Be4 h6 20. Rf2
Rf8 21. Bxc6 Rxc6 22. Ne4 Bxb2 23. Rxf8+ Qxf8 24. Qxb2 Qd8 25. Rc1 c4 26.
Rf1 cxb3 27. axb3 Nd5 28. Qe5 Ne7 29. Qf4 Nf5 30. b4 Qc7 31. Qf2 Qb6 32. b5
Qxf2+ 33. Kxf2 Rb6 34. Ra1 Rxb5 35. Ra4 a6 36. Rxa6 Rb3 37. Ra7 Rb2 38. g4
Nd4 39. e3 Nc6 40. Ra8+ Kf7 41. Rc8 Rb4 42. Rc7+ Kg8 43. Nc5 Rxg4 44. Nxe6
Rg6 45. Nc5 b6 46. Nd7 Rd6 47. Ke2 b5 48. h4 g5 49. h5 b4 50. d4 Nxd4+ 51.
exd4 Rxd4 52. Ke3 Rh4 53. Nf6+ Kf8 54. Rb7 b3 55. Kd3 Rf4 56. Nd7+ Ke7 57.
Nc5+ Kf6 58. Rb6+ Kf5 59. Ne6 Rh4 60. Ng7+ Ke5 61. Kc3 Rh3+ 62. Kb2 g4 63.
Rxh6 g3 64. Rg6 Kf4 65. Ne6+ Ke5 66. Ng7 Kf4 67. Ne6+ Ke5 68. Nc5 Rxh5 69.
Rxg3 Rh1 70. Kxb3 Kd5 71. Rg5+ Kc6 72. Nd3 Kd6 73. Kc3 Rh4 74. Nc5 Rh1 75.
Nb3 Rh4 76. Nd4 Rh1 77. Rg8 Rc1+ 78. Kd2 Rh1 79. Rd8+ Ke5 80. Nc6+ Ke6 81.
Ke2 Ra1 82. Rd3 Rh1 83. Nd4+ Kf6 84. Ke3 Re1+ 85. Kf4 Rf1+ 86. Nf3 Ra1 87.
Rd6+ Ke7 88. Rb6 Rf1 89. Ke4 Kd7 90. Nd4 Ke7 91. Ne6 Re1+ 92. Kd5 Rd1+ 93.
Nd4 Kf7 94. Ra6 Ke7 95. Re6+ Kf7 96. Re2 Kf6 97. Re4 Ra1 98. Rf4+ Kg6 99.
Rf2 Re1 100. Nf3 Ra1 101. Ne5+ Kg5 102. Nf7+ Kg4 103. Nd6 Ra5+ 104. Ke4
1/2-1/2

[Event "24th European Teams"]
[Site "Budva MNE"]
[Date "2023.11.12"]
[EventDate "2023.11.11"]
[Round "2.9"]
[Result "1/2-1/2"]
[White "Francesco Sonis"]
[Black "Robert Markus"]
[WhiteElo "2564"]
[BlackElo "2582"]
[PlyCount "108"]

1. d4 Nf6 2. c4 d6 3. Nc3 Nbd7 4. Nf3 g6 5. g3 Bg7 6. Bg2 O-O 7. O-O e5 8.
e4 exd4 9. Nxd4 c6 10. h3 Re8 11. Be3 a5 12. Qc2 a4 13. Rad1 Qa5 14. b3
axb3 15. axb3 Nc5 16. Rfe1 Nfd7 17. Rb1 Qb4 18. Red1 Ne5 19. Kh2 h5 20.
Nde2 Ra3 21. Nb5 cxb5 22. Bd2 Qxb3 23. Rxb3 Rxb3 24. Bc3 b4 25. Bd4 Ra3 26.
Qb1 b3 27. Nc3 Ra5 28. Bxc5 Rxc5 29. Qxb3 Nxc4 30. Na4 Rc7 31. Nb6 Nxb6 32.
Qxb6 Rc6 33. Qb4 Bf8 34. Qb1 Rc5 35. h4 b5 36. Rd5 Rxd5 37. exd5 Bd7 38.
Bh3 f5 39. Bf1 Rc8 40. Qa1 Be8 41. Bd3 Rc5 42. Qb1 Rxd5 43. Qb3 Bf7 44.
Bxb5 Re5 45. Bc4 Bxc4 46. Qxc4+ Kg7 47. Qc7+ Be7 48. Kg2 Kf7 49. Qc4+ Kg7
50. f3 Bf8 51. Qd4 Kf7 52. Qc4+ Kg7 53. Qd4 Kf7 54. Qc4+ Kg7 1/2-1/2

[Event "24th European Teams"]
[Site "Budva MNE"]
[Date "2023.11.12"]
[EventDate "2023.11.11"]
[Round "2.10"]
[Result "1/2-1/2"]
[White "Radoslaw Wojtaszek"]
[Black "Vladimir Fedoseev"]
[WhiteElo "2668"]
[BlackElo "2675"]
[PlyCount "86"]

1. d4 Nf6 2. c4 g6 3. Nc3 Bg7 4. e4 d6 5. Nf3 O-O 6. Be2 e5 7. O-O h6 8.
Re1 Qe7 9. dxe5 dxe5 10. Nd5 Nxd5 11. cxd5 c6 12. Bc4 Rd8 13. Qe2 cxd5 14.
exd5 Bg4 15. h3 Bxf3 16. Qxf3 Na6 17. Be3 Qd6 18. Rac1 f5 19. Bxa6 Qxa6 20.
Red1 Rd7 21. d6 Rad8 22. Qd5+ Kh7 23. Bc5 e4 24. Ba3 Qb6 25. Qe6 h5 26. Rc2
Qa5 27. Rcd2 Qe5 28. Qb3 Bh6 29. Rd5 Qe6 30. Re1 h4 31. Kf1 Bf4 32. Red1 b6
33. Kg1 e3 34. fxe3 Bxe3+ 35. Kh1 Bf2 36. Bb4 a5 37. Qf3 Bg3 38. Ba3 Re8
39. Kg1 Kg8 40. Rb5 Qxa2 41. Rxb6 Qe6 42. Bc5 Qc4 43. Bf2 1/2-1/2

[Event "24th European Teams"]
[Site "Budva MNE"]
[Date "2023.11.12"]
[EventDate "2023.11.11"]
[Round "2.10"]
[Result "1/2-1/2"]
[White "Jan Subelj"]
[Black "Pawel Teclaf"]
[WhiteElo "2513"]
[BlackElo "2571"]
[PlyCount "66"]

1. e4 e5 2. Nf3 Nc6 3. Bb5 Nf6 4. d3 Bc5 5. Bxc6 dxc6 6. Nc3 Qe7 7. h3 h6
8. Be3 Bd6 9. Qe2 Be6 10. O-O-O Nd7 11. d4 exd4 12. Nxd4 Bb4 13. Nxe6 Qxe6
14. Bd4 O-O-O 15. Qg4 Qxg4 16. hxg4 f6 17. Ne2 Bd6 18. f3 Nf8 19. g5 fxg5
20. Bxg7 Rh7 21. Bxf8 Rxf8 22. Nd4 h5 23. Nf5 h4 24. Kd2 Be5 25. b3 Kd7 26.
Ke2+ Ke6 27. g3 h3 28. Ke3 Bd6 29. Rh2 Rxf5 30. exf5+ Kxf5 31. Kf2 Bc5+ 32.
Kf1 Bd6 33. Kf2 Bc5+ 1/2-1/2

[Event "24th European Teams"]
[Site "Budva MNE"]
[Date "2023.11.12"]
[EventDate "2023.11.11"]
[Round "2.10"]
[Result "1-0"]
[White "Mateusz Bartel"]
[Black "Jure Skoberne"]
[WhiteElo "2651"]
[BlackElo "2538"]
[PlyCount "64"]

1. e4 e6 2. d4 d5 3. e5 c5 4. c3 Nc6 5. Nf3 Bd7 6. Be2 f6 7. O-O fxe5 8.
dxe5 Nh6 9. c4 d4 10. b4 Nxb4 11. Bxh6 gxh6 12. Nxd4 Qb6 13. Bh5+ Kd8 14.
Nb5 a6 15. Nd6 Kc7 16. Nf7 Rg8 17. Nc3 Be7 18. a3 Nc6 19. Rb1 Qa7 20. Nd6
Nd4 21. Rxb7+ Qxb7 22. Nxb7 Bc6 23. Nd5+ exd5 24. Na5 Rxg2+ 25. Kxg2 Rg8+
26. Kh1 Ba8 27. Rg1 dxc4+ 28. f3 Rxg1+ 29. Qxg1 c3 30. Qg7 Nf5 31. Qf7 c2
32. Nb3 1-0

[Event "24th European Teams"]
[Site "Budva MNE"]
[Date "2023.11.12"]
[EventDate "2023.11.11"]
[Round "2.10"]
[Result "1/2-1/2"]
[White "Jure Borisek"]
[Black "Szymon Gumularz"]
[WhiteElo "2568"]
[BlackElo "2580"]
[PlyCount "64"]

1. e4 c6 2. Nf3 d5 3. d3 dxe4 4. dxe4 Qxd1+ 5. Kxd1 Nf6 6. Nfd2 g6 7. f3
Bh6 8. Nc4 Bxc1 9. Kxc1 Be6 10. Ne3 Nbd7 11. a4 O-O-O 12. Bc4 Bxc4 13. Nxc4
g5 14. Nbd2 Rhg8 15. Ra3 h5 16. a5 Kc7 17. Re1 h4 18. Rc3 Nh5 19. Ne3 Ne5
20. Ndc4 Nxc4 21. Rxc4 e6 22. Ng4 f6 23. b4 a6 24. Nf2 Nf4 25. g3 Ng6 26.
Ng4 Rgf8 27. Rd1 Rxd1+ 28. Kxd1 f5 29. exf5 exf5 30. Nf2 Ne5 31. Rc3 hxg3
32. hxg3 Rh8 1/2-1/2

[Event "24th European Teams"]
[Site "Budva MNE"]
[Date "2023.11.12"]
[EventDate "2023.11.11"]
[Round "2.12"]
[Result "1-0"]
[White "Rauf Mamedov"]
[Black "Viktor Gazik"]
[WhiteElo "2644"]
[BlackElo "2547"]
[PlyCount "104"]

1. Nf3 Nf6 2. g3 g6 3. Bg2 Bg7 4. O-O O-O 5. d4 d6 6. Re1 Nbd7 7. a4 a5 8.
Nc3 e5 9. dxe5 dxe5 10. Nd2 c6 11. Nc4 Qc7 12. Qd6 Qxd6 13. Nxd6 Nb6 14.
Rd1 Rd8 15. Be3 Nbd5 16. Bxd5 cxd5 17. Nxd5 Nxd5 18. Rxd5 Bg4 19. f3 Be6
20. Rd3 e4 21. Nxe4 Bc4 22. Rxd8+ Rxd8 23. Kf2 Bxb2 24. Rb1 Bg7 25. Rxb7
Bd5 26. Rb5 f5 27. Bg5 Rd7 28. Nf6+ Bxf6 29. Bxf6 Bc6 30. Rxa5 Rd2 31. c3
Ra2 32. Ra7 Bxa4 33. Rg7+ Kf8 34. Rxh7 Bb5 35. Re7 Rc2 36. Re3 Kf7 37. Bg5
Bc4 38. h3 Bb5 39. g4 fxg4 40. hxg4 Bc4 41. Bd8 Bb5 42. Bb6 Bc4 43. Bd4 Ra2
44. Re5 Ba6 45. f4 Bc4 46. Kf3 Rd2 47. f5 g5 48. Rc5 Bxe2+ 49. Ke3 Ra2 50.
Rc7+ Ke8 51. f6 Kd8 52. f7 1-0

[Event "24th European Teams"]
[Site "Budva MNE"]
[Date "2023.11.12"]
[EventDate "2023.11.11"]
[Round "2.12"]
[Result "1/2-1/2"]
[White "Juraj Druska"]
[Black "Nijat Abasov"]
[WhiteElo "2472"]
[BlackElo "2679"]
[PlyCount "96"]

1. d4 Nf6 2. c4 e6 3. g3 d5 4. Bg2 dxc4 5. Nf3 a6 6. Ne5 Bb4+ 7. Nc3 Nd5 8.
O-O Nxc3 9. bxc3 Bxc3 10. Rb1 Qxd4 11. Qa4+ b5 12. Qa3 Qxe5 13. Bf4 Qf6 14.
Bxc7 b4 15. Rxb4 Bxb4 16. Qxb4 a5 17. Qb5+ Bd7 18. Qb7 O-O 19. Qxa8 Nc6 20.
Qb7 Nd4 21. Bxa5 Nxe2+ 22. Kh1 Qd4 23. Bf3 Rc8 24. Bb6 Qd3 25. Kg2 Nc3 26.
Ba5 Na4 27. Rd1 Qxd1 28. Qxc8+ Bxc8 29. Bxd1 Bb7+ 30. f3 Nc5 31. Kf2 e5 32.
Ke3 f6 33. Be2 Bd5 34. Kd2 c3+ 35. Bxc3 Bxa2 36. Ke3 Kf7 37. f4 exf4+ 38.
Kxf4 Ke6 39. Bb4 g5+ 40. Ke3 Nd7 41. Ba6 Ne5 42. h4 gxh4 43. gxh4 Kf7 44.
Bc3 Ng6 45. Bd3 Nxh4 46. Bxh7 Ng6 47. Bxg6+ Kxg6 48. Bxf6 1/2-1/2

[Event "24th European Teams"]
[Site "Budva MNE"]
[Date "2023.11.12"]
[EventDate "2023.11.11"]
[Round "2.12"]
[Result "1/2-1/2"]
[White "Vasif Durarbayli"]
[Black "Filip Haring"]
[WhiteElo "2625"]
[BlackElo "2446"]
[PlyCount "108"]

1. e4 c6 2. d4 d5 3. e5 Bf5 4. h4 h5 5. c4 e6 6. Nc3 dxc4 7. Bxc4 Nd7 8.
Nge2 Ne7 9. Bg5 Qb6 10. O-O O-O-O 11. Na4 Qc7 12. Qb3 f6 13. exf6 gxf6 14.
Bf4 Qa5 15. Nac3 e5 16. Be3 Ng6 17. g3 exd4 18. Nxd4 Nc5 19. Qa3 Qxa3 20.
bxa3 Bh3 21. Rfd1 Ne5 22. Be2 Be7 23. a4 Bg4 24. Bxg4+ Nxg4 25. Nf5 Bf8 26.
Rxd8+ Kxd8 27. Rd1+ Kc8 28. Bxc5 Bxc5 29. Ne4 Bb6 30. Kg2 Rf8 31. Rd2 Bc7
32. Nc5 Re8 33. Ng7 Re7 34. Nce6 f5 35. Nxc7 Rxg7 36. Ne8 Re7 37. Nd6+ Kc7
38. Nxf5 Re5 39. Nd4 c5 40. Nb5+ Kb6 41. Rb2 c4 42. Nc3+ Kc5 43. Rxb7 a6
44. f3 Nf6 45. Kf2 Kd4 46. Ne2+ Kd3 47. Nf4+ Kc3 48. Rb6 Nd5 49. Rxa6 Nxf4
50. gxf4 Rd5 51. Ke3 Rd3+ 52. Ke4 Rd4+ 53. Ke3 Rd3+ 54. Ke4 Rd4+ 1/2-1/2

[Event "24th European Teams"]
[Site "Budva MNE"]
[Date "2023.11.12"]
[EventDate "2023.11.11"]
[Round "2.13"]
[Result "0-1"]
[White "Toivo Keinanen"]
[Black "Nils Grandelius"]
[WhiteElo "2527"]
[BlackElo "2688"]
[PlyCount "112"]

1. d4 Nf6 2. c4 e6 3. g3 Bb4+ 4. Bd2 Be7 5. Bg2 d5 6. Nf3 Nbd7 7. O-O c6 8.
Qc2 Ne4 9. Bf4 g5 10. Bc1 f5 11. Nfd2 Nd6 12. b3 h5 13. Ba3 g4 14. cxd5
cxd5 15. Rc1 Nf6 16. Nc3 Bd7 17. e3 h4 18. Ne2 hxg3 19. hxg3 Nh5 20. Qd1
Kf7 21. Rc2 Qa5 22. Bb2 Rhc8 23. Bc3 Qd8 24. Rac1 Bb5 25. Bb2 Rxc2 26. Rxc2
Rc8 27. Rxc8 Qxc8 28. Nb1 Bxe2 29. Qxe2 Ne4 30. Bxe4 dxe4 31. Qc4 Qxc4 32.
bxc4 Nf6 33. Kf1 Nd7 34. c5 e5 35. Nc3 exd4 36. exd4 Nf6 37. Ba3 Ke6 38.
d5+ Nxd5 39. Nxd5 Kxd5 40. c6 Bd8 41. cxb7 Bc7 42. Ke2 Kc6 43. Ke3 Kxb7 44.
Bc5 a5 45. Kd4 Kc6 46. Kc4 a4 47. Bd4 Bb6 48. Be3 f4 49. Bxf4 Bxf2 50. Be5
Bc5 51. Bc3 Bg1 52. Bb4 Bf2 53. Be7 Bxg3 54. Kd4 Bd6 55. Bh4 g3 56. Kxe4 g2
0-1

[Event "24th European Teams"]
[Site "Budva MNE"]
[Date "2023.11.12"]
[EventDate "2023.11.11"]
[Round "2.15"]
[Result "0-1"]
[White "Andrej Sukovic"]
[Black "Valery Kazakouski"]
[WhiteElo "2382"]
[BlackElo "2577"]
[PlyCount "78"]

1. e4 e5 2. Nf3 Nc6 3. Bb5 a6 4. Ba4 Nf6 5. O-O b5 6. Bb3 Bc5 7. c3 d6 8.
a4 Rb8 9. d4 Bb6 10. a5 Ba7 11. h3 Bb7 12. Be3 Nxe4 13. d5 Bxe3 14. dxc6
Nxf2 15. Qe2 Nxh3+ 16. Kh1 Nf2+ 17. Rxf2 Bxf2 18. Qxf2 Bxc6 19. Bxf7+ Kd7
20. Nd4 Bxg2+ 21. Qxg2 Qh4+ 22. Kg1 Qe1+ 23. Kh2 exd4 24. Nd2 Qh4+ 25. Kg1
h5 26. Qxg7 Qg4+ 27. Qxg4+ hxg4 28. cxd4 Rhf8 29. Bd5 Rbe8 30. Rf1 c6 31.
Bg2 Rxf1+ 32. Kxf1 Re3 33. Be4 g3 34. b4 Kc7 35. Bg2 Rd3 36. Ne4 Rxd4 37.
Ke2 Rxb4 38. Nf6 Rb2+ 39. Kf3 Rf2+ 0-1

[Event "24th European Teams"]
[Site "Budva MNE"]
[Date "2023.11.12"]
[EventDate "2023.11.11"]
[Round "2.15"]
[Result "1-0"]
[White "Paulius Pultinevicius"]
[Black "Milos Pecurica"]
[WhiteElo "2589"]
[BlackElo "2342"]
[PlyCount "44"]

1. d4 d5 2. Nf3 Nf6 3. c4 e6 4. g3 Bb4+ 5. Nbd2 dxc4 6. Bg2 O-O 7. Qc2 Nc6
8. O-O Nxd4 9. Nxd4 Qxd4 10. Nxc4 Nd5 11. Rd1 Qf6 12. a3 Be7 13. Bd2 Qg6
14. e4 Bf6 15. Rac1 Nb6 16. Bb4 Nxc4 17. Bxf8 Nxb2 18. Rd2 h5 19. Qxc7 e5
20. Be7 Be6 21. Bxf6 gxf6 22. Qxb7 1-0

[Event "24th European Teams"]
[Site "Budva MNE"]
[Date "2023.11.12"]
[EventDate "2023.11.11"]
[Round "2.16"]
[Result "0-1"]
[White "Veljko Draganic"]
[Black "Victor Bologan"]
[WhiteElo "2294"]
[BlackElo "2574"]
[PlyCount "82"]

1. e4 d6 2. d4 Nf6 3. Nc3 e5 4. Nf3 Nbd7 5. Bc4 Be7 6. O-O O-O 7. Re1 c6 8.
a4 h6 9. h3 Re8 10. Ba2 Bf8 11. dxe5 dxe5 12. Be3 Nh7 13. Ne2 Qf6 14. Ng3
Nc5 15. a5 g6 16. Qd2 Bxh3 17. Bxh6 Rad8 18. Qe3 Bxh6 19. Qxh6 Bg4 20. Nh2
Be6 21. Qe3 Qe7 22. Nf3 Bxa2 23. Rxa2 Rd7 24. b4 Na6 25. c3 c5 26. b5 Nc7
27. c4 Red8 28. Nf1 Rd3 29. Qh6 Rxf3 30. gxf3 Ng5 31. Kg2 Qf6 32. Ra3 Nce6
33. Nh2 Nf4+ 34. Kg3 Nh5+ 35. Kg2 Qf4 36. Kh1 Qh4 37. f4 exf4 38. Kg1 Rd2
39. Rf1 f3 40. Nxf3 Qg4+ 41. Kh2 Qg3+ 0-1

[Event "24th European Teams"]
[Site "Budva MNE"]
[Date "2023.11.12"]
[EventDate "2023.11.11"]
[Round "2.19"]
[Result "0-1"]
[White "Graham Morrison"]
[Black "Daniel Dardha"]
[WhiteElo "2221"]
[BlackElo "2575"]
[PlyCount "82"]

1. d4 Nf6 2. c4 e6 3. Nf3 h6 4. g3 d5 5. Bg2 Bb4+ 6. Bd2 Be7 7. O-O O-O 8.
Qc2 c6 9. Rd1 Nbd7 10. Bf4 a5 11. Nc3 dxc4 12. e4 Nb6 13. Ne5 Qe8 14. Be3
Nfd7 15. f4 Nxe5 16. dxe5 Nd7 17. Ne2 b5 18. b3 Ba6 19. bxc4 bxc4 20. Qd2
Nc5 21. Qxa5 c3 22. Nxc3 Be2 23. Qb6 Ra6 24. Qb2 Bxd1 25. Rxd1 Na4 26. Nxa4
Rxa4 27. Qc2 Qa8 28. Rd2 Ra3 29. Bf2 Rd8 30. Re2 Qa5 31. Qxc6 Rc3 32. Qb6
Rc1+ 33. Bf1 Qa4 34. Be3 Ra1 35. Kf2 Qd1 36. Bg2 Rd3 37. Qb8+ Kh7 38. Qc7
h5 39. Qxe7 Qg1+ 40. Kf3 Rf1+ 41. Bxf1 Rxe3+ 0-1

[Event "24th European Teams"]
[Site "Budva MNE"]
[Date "2023.11.13"]
[EventDate "2023.11.11"]
[Round "3.3"]
[Result "1-0"]
[White "Magnus Carlsen"]
[Black "Hjorvar Steinn Gretarsson"]
[WhiteElo "2829"]
[BlackElo "2518"]
[PlyCount "94"]

1. e4 e5 2. Nf3 Nc6 3. Bb5 a6 4. Ba4 Nf6 5. d3 Bc5 6. c3 b5 7. Bb3 d6 8.
Bg5 h6 9. Bh4 Ba7 10. Nbd2 g5 11. Bg3 Qe7 12. Nf1 Be6 13. Ne3 Rb8 14. O-O
Bxe3 15. fxe3 O-O 16. Nd2 Bg4 17. Qe1 Bh5 18. Nf3 Kg7 19. Nh4 Bg6 20. Nf5+
Bxf5 21. Rxf5 Nd7 22. Qe2 Qe8 23. Raf1 f6 24. h4 Ne7 25. R5f2 Nc5 26. Bc2
Ng6 27. h5 Ne7 28. d4 Nd7 29. Bb3 Rd8 30. a4 f5 31. dxe5 Nxe5 32. exf5 Kf6
33. Be6 Qc6 34. axb5 Qxb5 35. Qd1 a5 36. b3 Rb8 37. Ra2 N7c6 38. e4 Qc5+
39. Bf2 Qxc3 40. Rc2 Qb4 41. Bd5 Ne7 42. Rxc7 Rfc8 43. Ra7 Rc3 44. Bc4 Rb6
45. Bd4 Rxc4 46. bxc4 Nc6 47. Rh7 1-0

[Event "24th European Teams"]
[Site "Budva MNE"]
[Date "2023.11.13"]
[EventDate "2023.11.11"]
[Round "3.1"]
[Result "1/2-1/2"]
[White "Rasmus Svane"]
[Black "Alexey Sarana"]
[WhiteElo "2647"]
[BlackElo "2669"]
[PlyCount "84"]

1. d4 Nf6 2. c4 e6 3. Nf3 d5 4. g3 Bb4+ 5. Bd2 Be7 6. Bg2 O-O 7. O-O Nbd7
8. Qc2 c6 9. Rc1 a5 10. e3 Bd6 11. Be1 Qe7 12. Nc3 dxc4 13. Nd2 Nb6 14.
Nce4 Nxe4 15. Bxe4 f5 16. Bg2 e5 17. dxe5 Bxe5 18. Bf1 Be6 19. Nxc4 Nxc4
20. Bxc4 Bxc4 21. Qxc4+ Qf7 22. Rab1 a4 23. b4 a3 24. Qxf7+ Rxf7 25. Bc3
Bd6 26. Bd4 Rc7 27. Bb6 Rcc8 28. Rd1 Bc7 29. Bd4 g6 30. b5 Bd6 31. bxc6
bxc6 32. Bf6 Bf8 33. Rb7 Rab8 34. Ra7 Ra8 35. Rb7 Rab8 36. Ra7 Ra8 37. Rad7
Ra5 38. h3 Rd5 39. R1xd5 cxd5 40. Rxd5 Rc2 41. Rd7 Rxa2 42. Bd4 1/2-1/2

[Event "24th European Teams"]
[Site "Budva MNE"]
[Date "2023.11.13"]
[EventDate "2023.11.11"]
[Round "3.1"]
[Result "0-1"]
[White "Aleksandar Indjic"]
[Black "Matthias Bluebaum"]
[WhiteElo "2601"]
[BlackElo "2670"]
[PlyCount "108"]

1. e4 c6 2. d4 d5 3. e5 c5 4. Nf3 cxd4 5. Qxd4 Nc6 6. Qf4 g6 7. Nc3 d4 8.
Bc4 Bf5 9. Nb5 Bh6 10. Qh4 Bxc1 11. Rxc1 a6 12. Nbxd4 Nxe5 13. O-O Nxc4 14.
Nxf5 Qc7 15. Qd4 f6 16. Ne3 Nxe3 17. Qxe3 e5 18. Rcd1 Ne7 19. Qb3 Nc6 20.
Rd3 Ke7 21. Qa3+ Kf7 22. Qb3+ Ke7 23. Nd2 Rad8 24. Rxd8 Rxd8 25. Ne4 Nd4
26. Qh3 h5 27. c3 Ne2+ 28. Kh1 Qc4 29. Qe3 Nxc3 30. Ng3 Rd1 31. Rxd1 Nxd1
32. Qf3 Qc1 33. Qxb7+ Kf8 34. h3 Nxf2+ 35. Kh2 Qf4 36. Qh7 h4 37. Qh8+ Kf7
38. Qh7+ Kf8 39. Qh8+ Ke7 40. Qg7+ Kd6 41. Qf8+ Kd5 42. Qd8+ Kc4 43. Qc7+
Kd4 44. Qb6+ Kd3 45. Qxa6+ Kc2 46. Qe2+ Kb1 47. Qe1+ Kxa2 48. Qa5+ Kb1 49.
Qe1+ Kxb2 50. Qe2+ Kc3 51. Qe1+ Kc4 52. Qe2+ Kd5 53. Qb5+ Kd6 54. Qb6+ Ke7
0-1

[Event "24th European Teams"]
[Site "Budva MNE"]
[Date "2023.11.13"]
[EventDate "2023.11.11"]
[Round "3.1"]
[Result "1-0"]
[White "Alexander Donchenko"]
[Black "Velimir Ivic"]
[WhiteElo "2664"]
[BlackElo "2557"]
[PlyCount "66"]

1. d4 Nf6 2. c4 c6 3. Bf4 Qb6 4. Qd2 Ne4 5. Qc2 d6 6. Nf3 g6 7. Nbd2 Nxd2
8. Bxd2 Bg7 9. Bc3 O-O 10. h4 h5 11. e4 Bg4 12. Qd2 Bxf3 13. gxf3 e5 14. c5
Qd8 15. Rd1 exd4 16. Bxd4 Bxd4 17. Qxd4 d5 18. Be2 Na6 19. exd5 cxd5 20. f4
Qe7 21. Kf1 Nxc5 22. f5 Kh7 23. Rg1 Ne4 24. f3 Nc5 25. b4 Rae8 26. Bb5 Nd7
27. Qxd5 a6 28. Bd3 Kh8 29. fxg6 fxg6 30. Rxg6 Qh7 31. Rg8+ Qxg8 32. Qxh5+
Kg7 33. Qg6+ 1-0

[Event "24th European Teams"]
[Site "Budva MNE"]
[Date "2023.11.13"]
[EventDate "2023.11.11"]
[Round "3.2"]
[Result "1-0"]
[White "Mustafa Yilmaz"]
[Black "Denis Kadric"]
[WhiteElo "2650"]
[BlackElo "2584"]
[PlyCount "68"]

1. d4 Nf6 2. c4 g6 3. Nc3 Bg7 4. e4 d6 5. Nf3 O-O 6. Be2 e5 7. O-O h6 8.
Re1 Nbd7 9. Qc2 Re8 10. dxe5 dxe5 11. Be3 c6 12. Na4 Qe7 13. c5 Nf8 14.
Rad1 Bg4 15. b4 Bxf3 16. Bxf3 Ne6 17. Nb2 h5 18. Nc4 Ng4 19. Bxg4 hxg4 20.
Nd6 Rf8 21. Qe2 f5 22. Bc1 a5 23. b5 Kh7 24. bxc6 bxc6 25. Bb2 f4 26. Qxg4
Rab8 27. Nc4 Rxb2 28. Nxb2 Nd4 29. Nd3 f3 30. Kh1 fxg2+ 31. Qxg2 Qe6 32.
Re3 Qxa2 33. Rh3+ Kg8 34. Qxg6 1-0

[Event "24th European Teams"]
[Site "Budva MNE"]
[Date "2023.11.13"]
[EventDate "2023.11.11"]
[Round "3.2"]
[Result "1/2-1/2"]
[White "Nikola Djukic"]
[Black "Vahap Sanal"]
[WhiteElo "2518"]
[BlackElo "2608"]
[PlyCount "150"]

1. e4 e5 2. Nf3 Nc6 3. Bb5 a6 4. Ba4 Nf6 5. O-O Be7 6. Re1 b5 7. Bb3 O-O 8.
a4 Bb7 9. d3 d6 10. Nbd2 Nd7 11. axb5 axb5 12. Rxa8 Qxa8 13. c3 Nc5 14. Bc2
b4 15. d4 bxc3 16. bxc3 Nd7 17. Nc4 exd4 18. cxd4 Nb4 19. Bb1 d5 20. exd5
Nxd5 21. Bd2 Bb4 22. Nce5 N7f6 23. Bxb4 Nxb4 24. Qd2 Nbd5 25. h3 Qa3 26.
Ba2 Ra8 27. Bc4 h6 28. Rb1 Bc8 29. Qc1 Qf8 30. Ra1 Be6 31. Rxa8 Qxa8 32.
Bf1 Ne4 33. Qc6 Qa2 34. Nd3 Ndc3 35. Qxc7 Qb1 36. Nfe1 Kh7 37. f3 Nd5 38.
Qc2 Qxc2 39. Nxc2 Ng3 40. Ndb4 Nf4 41. Kf2 Nh1+ 42. Ke1 Ng3 43. Ne3 Bd7 44.
Bd3+ Kg8 45. Kf2 Nh1+ 46. Kg1 Ng3 47. Kh2 Nge2 48. d5 Nd4 49. Kg3 g5 50.
Kf2 Kg7 51. Bf1 Kf6 52. g3 Ng6 53. Nc4 Bb5 54. Nd2 Bxf1 55. Kxf1 Nf5 56.
Kf2 Ke5 57. g4 Nd6 58. Ke3 Nf4 59. Ne4 Nc4+ 60. Kf2 Nxh3+ 61. Kg3 Nf4 62.
Nc6+ Kxd5 63. Ne7+ Ke5 64. Nf5 Nh5+ 65. Kf2 Nf6 66. Nxf6 Kxf6 67. Nxh6 Nd6
68. Ng8+ Ke6 69. Nh6 f6 70. Kg3 Ke5 71. Ng8 Ke6 72. Nxf6 Kxf6 73. f4 gxf4+
74. Kxf4 Nf7 75. g5+ Nxg5 1/2-1/2